[Event "DVM U12 2020"]
[Site "Magdeburg GER"]
[Date "2021.08.05"]
[Round "2"]
[White "Petzold, Johannes Julius"]
[Black "Staat, Christian"]
[Result "1-0"]
[Termination "normal"]
[Board "5.3"]
[WhiteElo "1104"]
[BlackElo "1022"]
[WhiteClock "00:55:41"]
[BlackClock "01:08:24"]
[WhiteTeam "Schachzwerge Magdeburg"]
[BlackTeam "VSG 1880 Offenbach"]
[PlyCount "93"]
[WhiteFideId "16289455"]
[BlackFideId "34608141"]
[EventCountry "GER"]
[EventRounds "7"]
[EventType "team-swiss"]
[EventDate "2021.08.04"]

1. e4 {[%clk 01:30:58]} e5 {[%clk 01:30:56]} 2. Nf3 {[%clk 01:31:23]} Nc6
{[%clk 01:31:18]} 3. Bc4 {[%clk 01:31:50]} Bc5 {[%clk 01:31:33]} 4. c3 {[%clk
01:31:59]} {[%emt 00:00:04]} Nf6 {[%clk 01:31:52]} 5. d4 {[%clk 01:32:25]} exd4
{[%clk 01:31:47]} 6. e5 {[%clk 01:32:50]} d5 {[%clk 01:32:02]} 7. Bb5 {[%clk
01:33:16]} Ne4 {[%clk 01:32:07]} {[%emt 00:16:15]} 8. cxd4 {[%clk 01:33:39]}
Bb6 {[%clk 01:32:26]} 9. Nc3 {[%clk 01:32:36]} Bg4 {[%clk 01:31:42]} 10. O-O
{[%clk 01:32:29]} {[%emt 00:00:04]} O-O {[%clk 01:31:29]} 11. Bxc6 {[%clk
01:32:10]} bxc6 {[%clk 01:31:49]} 12. h3 {[%clk 01:32:21]} Bh5 {[%clk
01:32:11]} 13. Re1 {[%clk 01:26:31]} {[%emt 00:00:04]} Bxf3 {[%clk 01:31:25]}
14. Qxf3 {[%clk 01:26:32]} Ng5 {[%clk 01:31:38]} 15. Qg4 {[%clk 01:24:48]} Ne6
{[%clk 01:31:27]} {[%emt 00:00:31]} 16. Be3 {[%clk 01:24:00]} {[%emt 00:01:13]}
Qd7 {[%clk 01:31:10]} {[%emt 00:00:48]} 17. f4 {[%clk 01:22:21]} {[%emt
00:02:09]} f5 {[%clk 01:30:34]} {[%emt 00:01:08]} 18. Qd1 {[%clk 01:21:30]}
{[%emt 00:01:17]} c5 {[%clk 01:21:58]} {[%emt 00:09:18]} 19. dxc5 {[%clk
01:19:59]} {[%emt 00:02:16]} Bxc5 {[%clk 01:19:44]} {[%emt 00:02:18]} 20. Bxc5
{[%clk 01:20:04]} {[%emt 00:02:50]} Nxc5 21. Qxd5+ {[%clk 01:20:27]} Qxd5
{[%clk 01:19:54]} 22. Nxd5 {[%clk 01:20:48]} Nd3 {[%clk 01:19:48]} {[%emt
00:14:59]} 23. Re3 {[%clk 01:19:19]} Nxb2 {[%clk 01:19:39]} 24. e6 {[%clk
01:19:25]} Nc4 {[%clk 01:19:38]} 25. e7 {[%clk 01:18:35]} {[%emt 00:00:04]}
Rfc8 {[%clk 01:17:13]} 26. Re6 {[%clk 01:14:11]} Kf7 {[%clk 01:15:34]} {[%emt
00:00:19]} 27. Rae1 {[%clk 01:14:02]} {[%emt 00:23:52]} Nd2 {[%clk 01:13:54]}
28. R1e5 {[%clk 01:09:43]} c6 {[%clk 01:13:31]} 29. Nc7 {[%clk 01:09:25]} Rxc7
{[%clk 01:13:00]} 30. e8=Q+ {[%emt 00:20:35]} Rxe8 {[%clk 01:13:22]} 31. Rxe8
{[%clk 01:10:04]} Rb7 {[%clk 01:13:32]} 32. Rc8 {[%clk 01:02:41]} Rb1+ {[%clk
01:13:34]} 33. Kf2 {[%clk 01:00:34]} Ne4+ {[%clk 01:11:30]} 34. Ke3 {[%clk
01:00:26]} {[%emt 00:14:54]} Re1+ {[%clk 01:10:57]} 35. Kd3 {[%clk 00:58:53]}
Rd1+ {[%clk 01:10:19]} 36. Kc2 {[%clk 00:56:02]} Rd2+ {[%clk 01:10:18]} 37. Kc1
{[%clk 00:56:24]} {[%emt 00:00:04]} g6 {[%clk 01:09:29]} 38. Rxe4 {[%clk
00:56:11]} Rxg2 {[%clk 01:08:24]} 39. Ra4 {[%clk 00:55:41]} Rg1+ 40. Kd2 Rg2+
41. Ke1 Rg1+ 42. Kf2 Rb1 43. Rxc6 Rb2+ 44. Ke1 Rb1+ 45. Kd2 Rb2+ 46. Kc3 Rf2
47. Rxa7+ 1-0

[Event "DVM U12 2020"]
[Site "Magdeburg GER"]
[Date "2021.08.05"]
[Round "2"]
[White "Hentschker, Merlin"]
[Black "Conrad, Marius"]
[Result "0-1"]
[Termination "normal"]
[Board "5.4"]
[WhiteElo "1060"]
[BlackElo "1498"]
[WhiteClock "00:58:18"]
[BlackClock "01:13:27"]
[WhiteTeam "VSG 1880 Offenbach"]
[BlackTeam "Schachzwerge Magdeburg"]
[PlyCount "96"]
[WhiteFideId "16294483"]
[BlackFideId "16299078"]
[EventCountry "GER"]
[EventRounds "7"]
[EventType "team-swiss"]
[EventDate "2021.08.04"]

1. e4 {[%clk 01:30:57]} e5 {[%clk 01:30:56]} 2. Nf3 {[%clk 01:31:21]} {[%emt
00:00:05]} Nc6 {[%clk 01:31:19]} {[%emt 00:00:06]} 3. Bb5 {[%clk 01:31:37]}
{[%emt 00:03:12]} a6 {[%clk 01:30:59]} 4. Ba4 {[%clk 01:32:00]} b5 {[%clk
01:31:12]} 5. Bb3 {[%clk 01:32:16]} d6 {[%clk 01:31:16]} 6. d3 {[%clk
01:32:32]} Nf6 {[%clk 01:31:12]} 7. Bg5 {[%clk 01:32:52]} Be7 {[%clk 01:31:24]}
{[%emt 00:08:41]} 8. Nc3 {[%clk 01:33:09]} O-O {[%clk 01:30:59]} 9. O-O {[%clk
01:33:28]} Na5 {[%clk 01:31:09]} 10. Bd5 {[%clk 01:32:18]} {[%emt 00:00:09]}
Nxd5 {[%clk 01:30:31]} 11. Bxe7 {[%clk 01:32:30]} Nxe7 {[%clk 01:30:50]} 12. a3
{[%clk 01:31:36]} c5 {[%clk 01:29:51]} 13. b4 {[%clk 01:30:55]} {[%emt
00:03:31]} Nac6 {[%clk 01:29:09]} 14. Rb1 {[%clk 01:30:06]} Bg4 {[%clk
01:28:33]} {[%emt 00:13:01]} 15. h3 {[%clk 01:30:17]} Bh5 {[%clk 01:28:53]} 16.
Qe2 {[%clk 01:27:52]} Nd4 {[%clk 01:28:50]} 17. Qd1 {[%clk 01:27:21]} Bxf3
{[%clk 01:28:05]} {[%emt 00:00:08]} 18. gxf3 {[%clk 01:27:39]} Ng6 {[%clk
01:28:09]} 19. Nd5 {[%clk 01:26:10]} Nh4 {[%clk 01:27:47]} 20. Kh1 {[%clk
01:24:44]} Nhxf3 {[%clk 01:27:41]} 21. c3 {[%clk 01:24:39]} {[%emt 00:00:14]}
Qh4 {[%clk 01:26:42]} {[%emt 00:01:26]} 22. Kg2 {[%clk 01:24:23]} {[%emt
00:16:41]} Ng5 {[%clk 01:24:03]} 23. Rh1 {[%clk 01:22:59]} Nde6 {[%clk
01:22:27]} 24. Ne7+ {[%clk 01:22:25]} Kh8 {[%clk 01:22:09]} 25. Nf5 {[%clk
01:22:34]} {[%emt 00:00:09]} Qf4 {[%clk 01:18:47]} 26. Nxd6 {[%clk 01:20:31]}
Rad8 {[%clk 01:15:39]} {[%emt 00:03:18]} 27. Nb7 {[%clk 01:18:43]} {[%emt
00:04:37]} Rd7 {[%clk 01:14:48]} 28. Nxc5 {[%clk 01:17:19]} {[%emt 00:01:17]}
Nxc5 {[%clk 01:14:42]} {[%emt 00:11:09]} 29. bxc5 {[%clk 01:17:37]} Rfd8 {[%clk
01:14:50]} 30. Qe2 {[%clk 01:11:38]} Rxd3 {[%clk 01:14:07]} 31. Rbd1 {[%clk
01:11:11]} Rxd1 {[%emt 00:00:05]} 32. Rxd1 Rxd1 {[%clk 01:13:34]} 33. Qxd1
{[%clk 01:11:29]} h6 {[%clk 01:13:44]} 34. f3 {[%clk 01:10:38]} {[%emt
00:02:39]} Qe3 {[%clk 01:13:14]} 35. Qd8+ {[%clk 01:08:21]} {[%emt 00:04:35]}
Kh7 {[%clk 01:13:33]} 36. Qc8 {[%clk 01:02:42]} {[%emt 00:10:36]} Qxf3+ {[%clk
01:12:53]} 37. Kg1 {[%clk 01:03:00]} Nxe4 {[%clk 01:09:47]} 38. Qg4 {[%clk
00:57:29]} {[%emt 00:05:32]} Qf2+ {[%clk 01:09:57]} 39. Kh1 {[%clk 00:57:44]}
Ng3+ {[%clk 01:10:18]} 40. Qxg3 {[%clk 00:57:22]} {[%emt 00:00:29]} Qxg3 {[%clk
01:10:44]} {[%emt 00:00:04]} 41. c6 {[%clk 00:57:21]} {[%emt 00:03:52]} e4
{[%clk 01:10:56]} 42. c7 {[%clk 00:56:42]} Qxc7 {[%clk 01:11:19]} 43. Kg2
{[%clk 00:57:00]} Qe5 {[%clk 01:11:39]} 44. Kf2 {[%clk 00:57:09]} {[%emt
00:00:04]} Qf4+ {[%clk 01:11:53]} 45. Ke2 {[%clk 00:57:25]} Qf3+ {[%clk
01:12:16]} 46. Kd2 {[%clk 00:57:43]} e3+ {[%clk 01:12:38]} 47. Ke1 {[%clk
00:58:00]} {[%emt 00:00:05]} Qf2+ {[%clk 01:13:00]} {[%emt 00:00:06]} 48. Kd1
{[%clk 00:58:18]} {[%emt 00:00:45]} Qd2# {[%clk 01:13:27]} {[%emt 00:03:50]}
0-1

[Event "DVM U12 2020"]
[Site "Magdeburg GER"]
[Date "2021.08.05"]
[Round "2"]
[White "Semling, Julius"]
[Black "Huber, Benedikt"]
[Result "1/2-1/2"]
[Termination "normal"]
[Board "6.1"]
[WhiteElo "1318"]
[BlackElo "1613"]
[WhiteClock "00:55:12"]
[BlackClock "00:10:58"]
[WhiteTeam "SC Brandeck-Turm Ohlsbach e.V."]
[BlackTeam "SK Kelheim 1920"]
[PlyCount "50"]
[WhiteFideId "16290160"]
[BlackFideId "16281225"]
[EventCountry "GER"]
[EventRounds "7"]
[EventType "team-swiss"]
[EventDate "2021.08.04"]

1. d4 {[%clk 01:30:59]} d5 {[%clk 01:30:56]} 2. Nc3 {[%clk 01:31:23]} {[%emt
00:11:23]} Nf6 {[%clk 01:31:19]} 3. Bf4 {[%clk 01:31:49]} c6 {[%clk 01:31:12]}
4. e3 {[%clk 01:32:06]} Bf5 {[%clk 01:31:25]} 5. f3 {[%clk 01:32:06]} e6 {[%clk
01:31:28]} 6. g4 {[%clk 01:32:35]} Bg6 {[%clk 01:31:50]} 7. h4 {[%clk
01:33:00]} h5 {[%clk 01:22:41]} {[%emt 00:00:51]} 8. g5 {[%clk 01:32:54]}
{[%emt 00:06:15]} Nfd7 {[%clk 01:22:52]} 9. Bd3 {[%clk 01:33:21]} Bxd3 {[%clk
01:17:59]} 10. Qxd3 {[%clk 01:33:49]} {[%emt 00:06:19]} Qb6 {[%clk 01:17:02]}
11. O-O-O {[%clk 01:32:06]} Na6 {[%clk 01:08:10]} {[%emt 00:06:49]} 12. g6
{[%clk 01:30:03]} {[%emt 00:25:35]} f6 {[%clk 01:05:12]} 13. e4 {[%clk
01:28:08]} O-O-O {[%clk 00:58:11]} 14. Nge2 {[%clk 01:21:07]} e5 {[%clk
00:46:36]} {[%emt 00:14:38]} 15. dxe5 {[%clk 01:19:49]} fxe5 {[%clk 00:44:56]}
16. Bg5 {[%clk 01:19:56]} Nb4 {[%clk 00:45:05]} 17. Qd2 {[%clk 01:19:14]}
{[%emt 00:01:09]} Nf6 {[%clk 00:41:46]} {[%emt 00:03:50]} 18. exd5 {[%clk
01:14:10]} {[%emt 00:13:23]} Nbxd5 {[%clk 00:35:53]} 19. Nxd5 {[%clk 01:12:47]}
{[%emt 00:00:27]} Rxd5 {[%clk 00:33:41]} {[%emt 00:02:42]} 20. Qc3 {[%clk
01:12:11]} {[%emt 00:13:43]} Bb4 {[%clk 00:25:12]} 21. Qb3 {[%clk 01:09:03]}
Rhd8 {[%clk 00:16:39]} {[%emt 00:09:11]} 22. Rxd5 {[%clk 01:08:27]} {[%emt
00:13:33]} cxd5 {[%clk 00:16:24]} 23. Rd1 {[%clk 01:07:06]} Bc5 {[%clk
00:13:32]} 24. Qxb6 {[%clk 00:55:48]} {[%emt 00:05:09]} Bxb6 {[%clk 00:13:19]}
{[%emt 00:08:49]} 25. Nc3 {[%clk 00:55:12]} Bd4 {[%clk 00:10:58]} 1/2-1/2

[Event "DVM U12 2020"]
[Site "Magdeburg GER"]
[Date "2021.08.05"]
[Round "2"]
[White "Neumeier, Konstantin"]
[Black "Semling, Johannes"]
[Result "0-1"]
[Termination "normal"]
[Board "6.2"]
[WhiteElo "1097"]
[BlackElo "1664"]
[WhiteClock "01:05:40"]
[BlackClock "01:17:44"]
[WhiteTeam "SK Kelheim 1920"]
[BlackTeam "SC Brandeck-Turm Ohlsbach e.V."]
[PlyCount "66"]
[WhiteFideId "34608230"]
[BlackFideId "16290151"]
[EventCountry "GER"]
[EventRounds "7"]
[EventType "team-swiss"]
[EventDate "2021.08.04"]

1. e4 {[%clk 01:30:57]} {[%emt 00:08:10]} c5 {[%clk 01:30:58]} 2. c3 {[%clk
01:31:11]} Nf6 {[%clk 01:31:19]} 3. e5 {[%clk 01:31:28]} Nd5 {[%clk 01:31:37]}
4. d4 {[%clk 01:30:45]} {[%emt 00:00:30]} cxd4 {[%clk 01:32:00]} 5. cxd4 {[%clk
01:30:47]} Nc6 {[%clk 01:32:12]} 6. Nf3 {[%clk 01:27:56]} d6 {[%clk 01:30:45]}
7. Bc4 {[%clk 01:27:24]} {[%emt 00:00:14]} Nb6 {[%clk 01:25:42]} {[%emt
00:05:35]} 8. Bb5 {[%clk 01:25:55]} {[%emt 00:12:30]} Bf5 {[%clk 01:24:05]} 9.
d5 {[%clk 01:25:20]} a6 {[%clk 01:22:13]} 10. Qe2 {[%clk 01:23:13]} axb5 {[%clk
01:21:01]} 11. Qxb5 {[%clk 01:22:48]} {[%emt 00:00:15]} Ra5 {[%clk 01:21:12]}
{[%emt 00:00:20]} 12. Qb3 {[%clk 01:20:19]} {[%emt 00:08:05]} Nxe5 {[%clk
01:21:06]} 13. Ng5 {[%clk 01:15:00]} {[%emt 00:01:18]} h6 {[%clk 01:20:14]}
{[%emt 00:17:34]} 14. Nf3 {[%clk 01:14:35]} Nxf3+ {[%clk 01:20:11]} 15. Qxf3
{[%clk 01:14:13]} Bxb1 {[%clk 01:19:00]} 16. Rxb1 {[%clk 01:13:39]} Rxd5 {[%clk
01:18:51]} {[%emt 00:19:01]} 17. Be3 {[%clk 01:13:09]} e6 {[%clk 01:18:29]} 18.
O-O {[%clk 01:12:54]} Be7 {[%clk 01:18:24]} 19. Rfe1 {[%clk 01:13:00]} {[%emt
00:00:05]} O-O {[%clk 01:18:32]} 20. Bxh6 {[%clk 01:13:10]} gxh6 {[%clk
01:18:39]} 21. Qh3 {[%clk 01:12:24]} Kh7 {[%clk 01:18:32]} 22. Re4 {[%clk
01:07:33]} Rg8 {[%clk 01:17:50]} 23. Rf4 {[%clk 01:07:19]} Rg7 {[%clk
01:18:03]} 24. g3 {[%clk 01:07:18]} {[%emt 00:00:04]} Bg5 {[%clk 01:18:03]}
{[%emt 00:00:04]} 25. Rg4 {[%clk 01:07:22]} Qc7 {[%clk 01:17:33]} 26. f4 {[%clk
01:07:12]} Qc5+ {[%clk 01:17:36]} 27. Kf1 {[%clk 01:06:45]} Qc2 {[%clk
01:17:31]} {[%emt 00:00:08]} 28. Re1 {[%clk 01:06:25]} Bf6 {[%clk 01:17:05]}
29. Re2 {[%clk 01:05:38]} Rd1+ {[%clk 01:17:20]} 30. Kf2 {[%clk 01:05:40]} Bd4+
{[%clk 01:17:44]} 31. Kf3 Qd3+ {[%clk 01:17:44]} 32. Re3 Qxe3+ {[%clk
01:17:44]} 33. Kg2 Rg1# {[%clk 01:17:44]} 0-1

[Event "DVM U12 2020"]
[Site "Magdeburg GER"]
[Date "2021.08.05"]
[Round "2"]
[White "Baihaghi, Arash"]
[Black "Neumeier, Valentina"]
[Result "0-1"]
[Termination "normal"]
[Board "6.3"]
[WhiteElo "1060"]
[BlackElo "1189"]
[WhiteClock "01:12:09"]
[BlackClock "00:42:16"]
[WhiteTeam "SC Brandeck-Turm Ohlsbach e.V."]
[BlackTeam "SK Kelheim 1920"]
[PlyCount "132"]
[WhiteFideId "34604979"]
[BlackFideId "34608222"]
[EventCountry "GER"]
[EventRounds "7"]
[EventType "team-swiss"]
[EventDate "2021.08.04"]

1. e4 {[%clk 01:30:58]} {[%emt 00:00:15]} e5 {[%clk 01:30:56]} {[%emt
00:02:37]} 2. Nf3 {[%clk 01:31:13]} Nc6 {[%clk 01:31:21]} 3. Bc4 {[%clk
01:31:36]} Bc5 {[%clk 01:31:46]} 4. c3 {[%clk 01:31:58]} Nf6 {[%clk 01:30:54]}
5. d4 {[%clk 01:31:46]} exd4 {[%clk 01:31:13]} {[%emt 00:00:18]} 6. e5 {[%clk
01:32:06]} {[%emt 00:00:16]} Qe7 {[%clk 01:28:05]} {[%emt 00:04:43]} 7. cxd4
{[%clk 01:31:56]} Bb6 {[%clk 01:27:00]} {[%emt 00:00:58]} 8. O-O {[%clk
01:32:02]} {[%emt 00:00:22]} Ng4 {[%clk 01:23:30]} {[%emt 00:04:15]} 9. Ng5
{[%clk 01:31:31]} {[%emt 00:01:19]} h5 {[%clk 01:18:40]} {[%emt 00:07:58]} 10.
Nxf7 {[%clk 01:31:24]} Rf8 {[%clk 01:14:37]} {[%emt 00:06:40]} 11. Bg5 {[%clk
01:31:19]} Qb4 {[%clk 01:13:18]} 12. Bb3 {[%clk 01:31:17]} Nxd4 {[%clk
01:12:23]} 13. f3 {[%clk 01:30:06]} {[%emt 00:02:20]} Nxb3+ {[%emt 00:00:14]}
14. Kh1 {[%clk 01:29:30]} {[%emt 00:01:15]} Nf2+ {[%clk 01:12:12]} 15. Rxf2
{[%clk 01:29:01]} {[%emt 00:02:05]} Bxf2 {[%clk 01:12:33]} 16. axb3 Rxf7 {[%clk
01:12:48]} {[%emt 00:00:08]} 17. e6 {[%clk 01:28:27]} {[%emt 00:00:35]} Rf5
{[%clk 01:12:23]} {[%emt 00:01:00]} 18. exd7+ {[%clk 01:27:35]} {[%emt
00:01:13]} Bxd7 {[%clk 01:12:39]} {[%emt 00:00:46]} 19. Qe2+ {[%clk 01:27:34]}
{[%emt 00:00:05]} Kf8 {[%clk 01:10:25]} {[%emt 00:14:49]} 20. Qxf2 {[%clk
01:22:25]} Rxg5 {[%clk 01:06:52]} 21. Nc3 {[%clk 01:20:27]} Qxb3 {[%clk
01:06:15]} {[%emt 00:05:29]} 22. Re1 {[%clk 01:20:26]} Qb6 {[%clk 00:57:13]}
{[%emt 00:05:59]} 23. Qh4 {[%clk 01:20:11]} {[%emt 00:00:27]} Qg6 {[%clk
00:54:38]} {[%emt 00:10:01]} 24. f4 {[%clk 01:19:35]} Rxg2 {[%clk 00:49:20]}
25. Qe7+ {[%clk 01:19:51]} {[%emt 00:00:13]} Kg8 {[%clk 00:49:22]} {[%emt
00:01:55]} 26. Qxd7 {[%clk 01:20:01]} Rxb2 {[%clk 00:48:45]} 27. Rg1 {[%clk
01:19:54]} {[%emt 00:01:10]} Qc6+ {[%clk 00:48:40]} 28. Qd5+ {[%clk 01:19:45]}
{[%emt 00:14:56]} Qxd5+ {[%clk 00:48:40]} 29. Nxd5 c5 30. Nf6+ {[%clk
01:18:03]} Kf7 {[%clk 00:48:49]} 31. Nxh5 {[%clk 01:18:22]} Rg8 {[%clk
00:48:18]} 32. Ng3 {[%clk 01:18:01]} Rh8 {[%clk 00:48:01]} 33. Nf1 {[%clk
01:18:11]} c4 {[%clk 00:47:20]} 34. Rg3 {[%clk 01:17:54]} Rf2 {[%clk 00:47:05]}
35. Kg1 {[%clk 01:17:34]} Rxf4 {[%clk 00:46:50]} 36. Rc3 Rg4+ 37. Kh1 {[%clk
01:16:20]} b5 {[%clk 00:46:50]} 38. Rf3+ {[%clk 01:16:34]} Kg8 {[%clk
00:46:45]} 39. Ne3 {[%clk 01:16:10]} {[%emt 00:05:42]} Rgh4 {[%clk 00:45:59]}
40. Rf2 {[%clk 01:15:58]} c3 {[%clk 00:44:45]} 41. Nf5 {[%clk 01:16:12]} Re4
{[%clk 00:44:05]} 42. Nd6 {[%emt 00:03:17]} Re1+ 43. Kg2 {[%clk 01:13:19]} Rh5
{[%emt 00:02:04]} 44. Nf5 {[%clk 01:13:13]} g6 {[%clk 00:42:11]} {[%emt
00:01:11]} 45. Ng3 {[%clk 01:12:57]} {[%emt 00:01:55]} Rc5 {[%clk 00:41:33]}
46. Rc2 {[%clk 01:12:56]} {[%emt 00:03:35]} b4 {[%clk 00:41:34]} 47. h3 {[%clk
01:12:40]} b3 {[%clk 00:41:53]} 48. Rc1 {[%clk 01:12:18]} Rxc1 {[%clk
00:42:04]} 49. Ne4 {[%clk 01:12:23]} Re5 {[%clk 00:41:39]} {[%emt 00:01:58]}
50. Nf6+ {[%clk 01:12:05]} Kg7 {[%clk 00:41:50]} {[%emt 00:00:28]} 51. Ng4
{[%clk 01:12:25]} {[%emt 00:00:30]} Rc2+ {[%clk 00:42:07]} 52. Kg3 {[%clk
01:12:45]} Rg5 {[%clk 00:42:12]} 53. Kh4 {[%clk 01:12:42]} {[%emt 00:16:11]}
Rxg4+ {[%clk 00:42:35]} 54. hxg4 {[%clk 01:13:00]} b2 {[%clk 00:42:57]} 55. Kg5
{[%clk 01:12:49]} b1=Q {[%clk 00:43:11]} 56. Kh4 {[%clk 01:12:30]} Qh1+ {[%clk
00:43:08]} 57. Kg5 {[%clk 01:12:36]} Rd2 {[%clk 00:42:46]} 58. Kf4 {[%clk
01:12:04]} Qh6+ {[%clk 00:42:47]} 59. Kg3 {[%clk 01:12:23]} Qh2+ {[%clk
00:42:34]} 60. Kf3 {[%clk 01:12:35]} Qf2+ {[%clk 00:41:38]} {[%emt 00:00:04]}
61. Ke4 {[%clk 01:11:13]} Re2+ {[%clk 00:41:47]} {[%emt 00:00:08]} 62. Kd5
{[%clk 01:11:35]} Qf7+ {[%clk 00:41:41]} 63. Kc5 {[%clk 01:11:43]} Rd2 {[%clk
00:41:38]} 64. g5 {[%clk 01:11:51]} Qc7+ {[%clk 00:42:03]} 65. Kb4 {[%clk
01:11:58]} Rb2+ {[%clk 00:42:16]} 66. Ka3 {[%clk 01:12:09]} Qa5# 0-1

[Event "DVM U12 2020"]
[Site "Magdeburg GER"]
[Date "2021.08.05"]
[Round "2"]
[White "Herrmann, Jakob"]
[Black "Puchas, Henrik"]
[Result "1-0"]
[Termination "normal"]
[Board "7.1"]
[WhiteElo "1531"]
[BlackElo "1539"]
[WhiteClock "01:07:22"]
[BlackClock "00:55:32"]
[WhiteTeam "SAV Torgelow-Drögeheide 90"]
[BlackTeam "SV Vimbuch"]
[PlyCount "43"]
[WhiteFideId "16287169"]
[BlackFideId "16257995"]
[EventCountry "GER"]
[EventRounds "7"]
[EventType "team-swiss"]
[EventDate "2021.08.04"]

1. e4 {[%clk 01:30:57]} e5 {[%clk 01:30:55]} {[%emt 00:00:07]} 2. Nf3 {[%clk
01:31:18]} {[%emt 00:00:13]} Nc6 {[%clk 01:31:11]} {[%emt 00:00:09]} 3. d4
{[%clk 01:31:33]} {[%emt 00:00:12]} exd4 {[%clk 01:31:27]} {[%emt 00:00:13]} 4.
Nxd4 {[%clk 01:31:54]} {[%emt 00:00:29]} Bc5 {[%clk 01:30:16]} {[%emt
00:01:26]} 5. Be3 {[%clk 01:32:15]} {[%emt 00:00:20]} Qf6 {[%clk 01:25:55]}
{[%emt 00:04:35]} 6. c3 {[%clk 01:32:03]} {[%emt 00:05:53]} Nge7 {[%clk
01:21:43]} 7. Bc4 {[%clk 01:32:14]} Qg6 {[%clk 01:18:57]} {[%emt 00:03:22]} 8.
O-O {[%clk 01:28:24]} {[%emt 00:10:03]} Qxe4 {[%clk 01:12:36]} {[%emt
00:01:07]} 9. Bxf7+ {[%clk 01:23:17]} {[%emt 00:18:21]} Kxf7 {[%clk 01:12:48]}
10. Qh5+ {[%clk 01:23:43]} Qg6 {[%clk 01:13:03]} 11. Qxc5 {[%clk 01:24:05]} d6
{[%clk 01:11:47]} 12. Qc4+ {[%clk 01:22:45]} {[%emt 00:00:04]} Be6 {[%clk
01:10:01]} 13. Nxe6 {[%clk 01:20:10]} Qxe6 {[%clk 01:10:15]} 14. Qd3 {[%clk
01:18:46]} Qf5 {[%clk 01:07:43]} {[%emt 00:15:27]} 15. Qd2 {[%clk 01:16:18]}
Ne5 {[%clk 01:04:13]} 16. Bd4 {[%clk 01:08:40]} {[%emt 00:01:38]} N7c6 {[%clk
01:01:37]} {[%emt 00:02:59]} 17. Bxe5 {[%clk 01:07:10]} {[%emt 00:02:57]} Nxe5
{[%clk 01:01:55]} 18. Qd5+ {[%clk 01:07:28]} Qe6 {[%clk 00:56:33]} {[%emt
00:05:17]} 19. Qxb7 {[%clk 01:07:26]} {[%emt 00:00:35]} Qd7 {[%clk 00:56:28]}
{[%emt 00:00:33]} 20. Re1 {[%clk 01:06:58]} {[%emt 00:04:42]} Rhb8 {[%clk
00:56:05]} 21. Qd5+ {[%clk 01:07:04]} Kf8 {[%clk 00:55:32]} 22. Rxe5 {[%clk
01:07:22]} 1-0